00530 2200181 4500001002100000005001800021008004100039035002400080090002000104100001800124245008300142250001200225260003100237300003000268650002000298850001500318999001500333YOGYA-0211000000000220110201080851926 ind  0010-021100000000002 aDEP 636.2 Bud K aBudi Tri Akso aKesehatan sapi : panduan bagi petugas teknis, mahasiswa, penyuluh dan peternak aCet. 1. aYogyakartabKanisiusc1996 a263 hlm. : ilus. ; 21 cm. aPeternakan sapi aYOPDYOG[B] a97D0026481